Toutes les Coupes Mario Kart 8 Deluxe - Statistiques

Statistiques générales
  • Ce quiz a été pris 36 fois
  • Le résultat moyen est 9 sur 12
Statistiques - réponses
Nom % Correct
Coupe Champignon
100%
Coupe Étoile
94%
Coupe Carapace
88%
Coupe Feuille
88%
Coupe Fleur
88%
Coupe Banane
84%
Coupe Éclair
84%
Coupe Spéciale
66%
Coupe Triforce
66%
Coupe Clochette
50%
Coupe Œuf
47%
Coupe Crossing
44%
Aucun quiz correspondant
Distribution des résultats
% des personnes avec chaque résultat
Percentile par nombre de réponses
Votre historique - résultats
Vous n’avez pas pris ce quiz